Водород в конструкционных сталях; Университетская научно-практическая отчетная конференция студентов и молодых ученых; 14-16 мая 2003, г. Томск

Podrobná bibliografie
Parent link:Университетская научно-практическая отчетная конференция студентов и молодых ученых; 14-16 мая 2003, г. Томск.— 2003.— С. 48-49
Hlavní autor: Ким С. Р.
Jazyk:ruština
Vydáno: 2003
Témata:
Médium: MixedMaterials Kapitola
KOHA link:https://koha.lib.tpu.ru/cgi-bin/koha/opac-detail.pl?biblionumber=108182

MARC

LEADER 00000naa2a2200000 4500
001 108182
005 20231031115545.0
035 |a (RuTPU)RU\TPU\book\116775 
090 |a 108182 
100 |a 20070116d2003 k y0rusy50 ca 
101 0 |a rus 
102 |a RU 
200 1 |a Водород в конструкционных сталях  |f С. Р. Ким 
463 0 |0 (RuTPU)RU\TPU\book\62675  |y 5-98298-044-7  |t Университетская научно-практическая отчетная конференция студентов и молодых ученых; 14-16 мая 2003, г. Томск  |o Сборник тезисов  |f Томский политехнический университет. Физико-технический факультет  |v С. 48-49  |d 2003  |p 58 с. 
610 1 |a стали 
610 1 |a конструкции 
610 1 |a водород 
610 1 |a конструкционные метериалы 
610 1 |a труды учёных ТПУ 
700 1 |a Ким  |b С. Р. 
801 1 |a RU  |b 63413507  |c 20070116  |g PSBO 
942 |c BK